Geography of sub-Saharan Africa / (Record no. 34172)

MARC details
000 -LEADER
fixed length control field 01049cam a2200313 a 4500
001 - CONTROL NUMBER
control field 12687524
003 - CONTROL NUMBER IDENTIFIER
control field OSt
005 - DATE AND TIME OF LATEST TRANSACTION
control field 20220401144028.0
008 - FIXED-LENGTH DATA ELEMENTS--GENERAL INFORMATION
fixed length control field 020226s2003 njuab b 001 0 eng
010 ## - LIBRARY OF CONGRESS CONTROL NUMBER
LC control number 2002025125
020 ## - INTERNATIONAL STANDARD BOOK NUMBER
International Standard Book Number 0130610259
035 ## - SYSTEM CONTROL NUMBER
System control number (DLC) 2002025125
035 ## - SYSTEM CONTROL NUMBER
System control number (DLC)3505
040 ## - CATALOGING SOURCE
Original cataloging agency DLC
Transcribing agency HU
Modifying agency DLC
043 ## - GEOGRAPHIC AREA CODE
Geographic area code fb-----
050 00 - LIBRARY OF CONGRESS CALL NUMBER
Classification number DT351.9
Item number .G46 2003
082 00 - DEWEY DECIMAL CLASSIFICATION NUMBER
Classification number 916.7 ATT 2003
Edition number 21
100 ## - MAIN ENTRY--PERSONAL NAME
Personal name Attoh
9 (RLIN) 34980
245 00 - TITLE STATEMENT
Title Geography of sub-Saharan Africa /
Statement of responsibility, etc. Samuel Aryeetey-Attoh, editor.
250 ## - EDITION STATEMENT
Edition statement 2nd ed.
260 ## - PUBLICATION, DISTRIBUTION, ETC.
Place of publication, distribution, etc. Upper Saddle River, N.J. :
Name of publisher, distributor, etc. Prentice Hall,
Date of publication, distribution, etc. c2003.
300 ## - PHYSICAL DESCRIPTION
Extent xx, 460 p. :
Other physical details ill., maps ;
Dimensions 24 cm.
504 ## - BIBLIOGRAPHY, ETC. NOTE
Bibliography, etc. note Includes bibliographical references (p. 443-447) and index.
651 #0 - SUBJECT ADDED ENTRY--GEOGRAPHIC NAME
Geographic name Africa, Sub-Saharan
General subdivision Geography.
9 (RLIN) 34981
700 1# - ADDED ENTRY--PERSONAL NAME
Personal name Aryeetey-Attoh, Samuel.
9 (RLIN) 34982
906 ## - LOCAL DATA ELEMENT F, LDF (RLIN)
a 7
b cbc
c orignew
d 1
e ocip
f 20
g y-gencatlg
942 ## - ADDED ENTRY ELEMENTS (KOHA)
Source of classification or shelving scheme Dewey Decimal Classification
Koha item type Books like text book referance book
Suppress in OPAC No
Holdings
Withdrawn status Lost status Source of classification or shelving scheme Damaged status Not for loan Collection code Home library Current library Shelving location Date acquired Total Checkouts Full call number Barcode Date last seen Copy number Price effective from Koha item type
    Dewey Decimal Classification     Reference Wondo Genet Library Wondo Genet Library General Stacks 04/01/2022   916.7 ATT 2003 WGCFNRL00016055 04/01/2022 1 04/01/2022 Books like text book referance book